Miejscowości które otrzymały prawa miejskie w XXI wieku - Statystyki

Ogólne statystyki
  • Ten quiz został rozwiązany 62 razy
  • Średni wynik to 30 z 146
Statystyki odpowiedzi
Rok Miasto Powiat % Poprawnych
2019 Opatowiec kazimierski
47%
2023 Czarny Dunajec nowotarski
38%
2018 Wiślica buski
38%
2025 Kobylnica słupski
36%
2017 Mielno koszaliński
34%
2009 Bobowa gorlicki
32%
2006 Rzgów łódzki wschodni
32%
2008 Boguchwała rzeszowski
30%
2007 Daleszyce kielecki
30%
2026 Janów częstochowski
30%
2023 Książ Wielki miechowski
30%
2022 Lutomiersk pabianicki
30%
2020 Lututów wieruszowski
30%
2014 Mrozy miński
28%
2019 Nowa Słupia kielecki
28%
2019 Nowy Korczyn buski
28%
2009 Szczucin dąbrowski
28%
2003 Tarczyn piaseczyński
28%
2023 Ujazd tomaszowski (łódzkie)
28%
2022 Bolimów skierniewicki
26%
2024 Inowłódz tomaszowski (łódzkie)
26%
2020 Klimontów sandomierski
26%
2001 Koprzywnica sandomierski
26%
2019 Koszyce proszowicki
26%
2025 Kurów puławski
26%
2017 Rejowiec chełmski
26%
2021 Solec nad Wisłą lipski
26%
2021 Wiskitki żyrardowski
26%
2021 Wodzisław jędrzejowski
26%
2004 Dziwnów kamieński
25%
2026 Janów Podlaski bialski
25%
2022 Jedlnia-Letnisko radomski
25%
2018 Józefów nad Wisłą opolski (lubelskie)
25%
2023 Latowicz miński
25%
2017 Morawica kielecki
25%
2011 Nowe Brzesko proszowicki
25%
2017 Opatówek kaliski
25%
2024 Osieck otwocki
25%
2024 Osjaków wieluński
25%
2023 Piekoszów kielecki
25%
2001 Ryglice tarnowski
25%
2025 Sobków jędrzejowski
25%
2015 Stopnica buski
25%
2024 Gąsawa żniński
23%
2022 Iwaniska opatowski
23%
2025 Końskowola puławski
23%
2009 Krynki sokólski
23%
2024 Magnuszew kozienicki
23%
2026 Małkinia Górna ostrowski (mazowieckie)
23%
2022 Olsztyn częstochowski
23%
2020 Piątek łęczycki
23%
2010 Radłów tarnowski
23%
2024 Żarnów opoczyński
23%
2024 Bolesławiec wieruszowski
21%
2022 Cegłów miński
21%
2020 Czerwińsk nad Wisłą płoński
21%
2023 Dąbrowice kutnowski
21%
2021 Dubiecko przemycki
21%
2021 Goraj biłgorajski
21%
2024 Grabów łęczycki
21%
2022 Izbica krasnostawski
21%
2023 Jadów wołomiński
21%
2023 Jeżów brzeziński
21%
2024 Kiernozia łowicki
21%
2010 Kołaczyce jasielski
21%
2018 Łagów kielecki
21%
2023 Łopuszno kielecki
21%
2024 Maciejowice garwoliński
21%
2023 Miasteczko Krajeńskie pilski
21%
2019 Pacanów buski
21%
2024 Parzęczew zgierski
21%
2024 Piszczac bialski
21%
2010 Przecław mielecki
21%
2024 Strzeleczki krapkowicki
21%
2019 Szydłów staszowski
21%
2019 Wielbark szczycieński
21%
2025 Zaniemyśl średzki (wielkopolskie)
21%
2024 Gowarczów konecki
19%
2024 Jawornik Polski przeworski
19%
2024 Kikół lipnowski
19%
2009 Michałowo białostocki
19%
2023 Miękinia średzki (dolnośląskie)
19%
2019 Pierzchnica kielecki
19%
2004 Prószków opolski
19%
2022 Pruszcz świecki
19%
2024 Siennica miński
19%
2014 Stepnica goleniowski
19%
2018 Tułowice opolski (opolskie)
19%
2010 Tychowo białogardzki
19%
2016 Urzędów kraśnicki
19%
2007 Wojnicz tarnowski
19%
2024 Białaczów opoczyński
17%
2024 Bircza przemycki
17%
2024 Bobrowniki lipnowski
17%
2023 Bodzanów płocki
17%
2024 Bogoria staszowski
17%
2024 Brody żarski
17%
2009 Brzostek dębicki
17%
2024 Czemierniki radzyński
17%
2024 Dobre miński
17%
2011 Gościno kołobrzeski
17%
2023 Jastrząb szydłowiecki
17%
2021 Kamieniec Ząbkowicki ząbkowicki
17%
2021 Koźminek kaliski
17%
2016 Lubycza Królewska tomaszowski
17%
2022 Nowe Miasto płoński
17%
2018 Otyń nowosolski
17%
2024 Przyrów częstochowski
17%
2018 Radoszyce konecki
17%
2024 Rychtal kępiński
17%
2018 Sanniki gostyniński
17%
2024 Sienno lipski
17%
2026 Stanisławów miński
17%
2024 Turobin biłgorajski
17%
2025 Wąwolnica puławski
17%
2011 Wolbórz piotrkowski
17%
2006 Zakliczyn tarnowski
17%
2011 Czyżew wysokomazowiecki
15%
2014 Dobrzyca pleszewski
15%
2022 Kaczory pilski
15%
2021 Kamionka lubartowski
15%
2001 Krzanowice raciborski
15%
2014 Modliborzyce janowski
15%
2019 Oleśnica staszowski
15%
2016 Siedliszcze chełmski
15%
2023 Włodowice zawierciański
15%
2014 Zaklików stalowowolski
15%
2021 Budzyń chodzieski
13%
2015 Chocz pleszewski
13%
2024 Gielniów przysuski
13%
2025 Kazanów zwoleński
13%
2010 Łaszczów tomaszowski (lubelskie)
13%
2019 Lubowidz żuromiński
13%
2005 Olszyna lubański
13%
2024 Przytyk radomski
13%
2023 Rozprza piotrkowski
13%
2026 Staroźreby płocki
13%
2024 Ciepielów lipski
11%
2024 Mieścisko wągrowiecki
11%
2024 Odrzywół przysuski
11%
2011 Pruchnik jarosławski
11%
2010 Szepietowo wysokomazowiecki
11%
2026 Branice głubczycki
9%
2024 Głowaczów kozienicki
9%
2016 Jaraczewo jarociński
9%
2021 Sochocin płoński
9%
Nie znaleziono quizów pasujących do podanych kryteriów
Rozkład punktacji
Procent ludzi z każdym wynikiem
Percentyl według liczby udzielonych odpowiedzi
Twoja historia wyników
Nie rozwiązałeś tego quizu